US Army Ranks - Statistics

General Stats
  • This quiz has been taken 563 times
  • The average score is 19 of 27
Answer Stats
Hint Answer % Correct
E-1 / E-2 Private
97%
E-5 Sergeant
90%
E-3 Private First Class
87%
E-4 Corporal
86%
E-4 Specialist
79%
O-2 First Lieutenant
78%
O-10 General
78%
O-1 Second Lieutenant
78%
E-6 Staff Sergeant
78%
O-3 Captain
76%
O-4 Major
76%
E-8 Master Sergeant
73%
E-9 Sergeant Major
73%
O-6 Colonel
72%
E-8 First Sergeant
69%
E-7 Sergeant First Class
68%
O-8 Major General
63%
E-9 Sergeant Major of the Army
61%
O-5 Lieutenant Colonel
60%
O-9 Lieutenant General
60%
O-7 Brigadier General
59%
WO-1 Warrant Officer 1
57%
E-9 Command Sergeant Major
55%
WO-2 Chief Warrant Officer 2
48%
WO-3 Chief Warrant Officer 3
47%
WO-4 Chief Warrant Officer 4
47%
WO-5 Chief Warrant Officer 5
47%
No matching quizzes found
Score Distribution
Percent of People with Each Score
Percentile by Number Answered
Your Score History
You have not taken this quiz